000 00288nam a22001337a 4500
008 170302b xxu||||| |||| 00| 0 eng d
020 _a57658
041 _aeng
080 _25TH
_a575
100 _a6
101 _aSHM
245 _aPRINCIPLES OF GENETICS
_cSINNOTT, E.W
942 _2udc
_cBK
999 _c6596
_d6596